000 00329 a2200121 4500
001 ART_17540
005 20260410161750.0
008 260409a
245 1 0 _aCompeting on Analytics
100 1 _aHarris, Jeanne G.
700 1 _aDevenport, Thomas H.
773 0 _tBook Summary
_g- NÂș 11 (ene. 2008)
_wREV4099
999 _c19595
_d19595